Unternehmensbewertung und Potentialanalyse Chancen und Risiken von Unternehmen treffsicher bewerten

Salvato in:
Dettagli Bibliografici
Autore principale: Voigt, Jörn F.
Natura: Libro
Lingua:tedesco
Pubblicazione: Wiesbaden Gabler 1990
Edizione:1. Aufl.
Soggetti:
Tags: Aggiungi Tag
Nessun Tag, puoi essere il primo ad aggiungerne!!

MARC

LEADER 00000nam a2200000 4500
001 c000160
005 20221215125455.6
020 |a 3-409-18701-4 
041 0 |a ger 
044 |a DE 
245 1 0 |a Unternehmensbewertung und Potentialanalyse  |b Chancen und Risiken von Unternehmen treffsicher bewerten  |c Jörn F. Voigt 
250 |a 1. Aufl. 
264 1 |a Wiesbaden  |b Gabler  |c 1990 
300 |a 159 s. 
610 2 0 |a oceňovanie 
610 2 0 |a podnik 
610 2 0 |a využitie počítačov 
610 2 0 |a riziko 
610 2 0 |a výnosy podnikové 
100 1 |a Voigt, Jörn F.